000 01445nam a22002297a 4500
005 20251104162810.0
008 251104b |||||||| |||| 00| 0 eng d
020 _a9781398539532
040 _cAL
041 _aeng
082 _a823.914
_bASHW
100 _aLauren Asher
_9243891
245 _aWrecked
260 _aLondon
_bSimona and Schuster
_c2024
300 _a407p
_bPB
_c20x13cm
365 _2English
_a4241
_b₹399.20
_c
_d₹499.00
_e20%
_f25-10-2025
440 _aDirty air series
_9243892
520 _aJax Pills. Alcohol. Adrenaline. I'm addicted to destructive decisions that numb my pain. Until one night when I make a catastrophic mistake. To repair my broken reputation, my team hires Elena-- An overpaid babysitter set on ruining my plans. She's my damnation disguised as my salvation. And my newest addiction. Elena I begged the universe to save me from my financial disaster. It answered my call with a Formula 1 team desperate for a PR miracle. One season. One job. One broody British racer. Except that Jax turns our hotel room into a battleground. To beat the enemy, I need to find his weaknesses. What I learn threatens to ruin everything. Him. Me. Us. Love is a warzone, and neither one of us plans to surrender. Wrecked is a steamy standalone in the Dirty Air world. Recommended for mature audiences.
650 _aEnglish Fiction
_9243893
650 _aEnglish Novel
_9243894
942 _2ddc
_cBK
999 _c240666
_d240666